Φιλαναγνωσία και Κοινωνικοσυναισθηματική Ανάπτυξη του Παιδιού / Θεωρητικές Προσεγγίσεις και Δραστηριότητες και Παιχνίδια (Record no. 9739)
[ view plain ]
| 000 -LEADER | |
|---|---|
| fixed length control field | 03563cam a22002174a 4500 |
| 005 - ΗΜΕΡΟΜΗΝΙΑ ΚΑΙ ΩΡΑ ΤΕΛΕΥΤΑΙΑΣ ΕΝΗΜΕΡΩΣΗΣ | |
| Πεδίο ελέγχου | 20250605164408.0 |
| 008 - FIXED-LENGTH DATA ELEMENTS--GENERAL INFORMATION | |
| Πεδίο ελέγχου σταθερού μήκους | 250528s ||||||||||||||||||||||||d |
| 035 ## - SYSTEM CONTROL NUMBER | |
| System control number | 24904 |
| 020 ## - ISBN | |
| ISBN | 9789604583447 |
| 040 ## - ΠΗΓΗ ΚΑΤΑΛΟΓΟΓΡΑΦΗΣΗΣ | |
| Φορέας πρωτότυπης καταλογογράφησης | MC Athens Campus Library |
| Γλώσσα καταλογογράφησης | Ελληνικά, Μοντέρνα (1453-) |
| Modifying agency | MC Athens Campus Library |
| Κανόνες περιγραφικής καταλογογράφησης | AACR2 |
| 245 1# - ΤΙΤΛΟΣ ΚΑΙ ΔΗΛΩΣΗ ΥΠΕΥΘΥΝΟΤΗΤΑΣ | |
| Τίτλος | Φιλαναγνωσία και Κοινωνικοσυναισθηματική Ανάπτυξη του Παιδιού / Θεωρητικές Προσεγγίσεις και Δραστηριότητες και Παιχνίδια |
| 250 ## - EDITION STATEMENT | |
| Edition statement | 1η |
| 260 ## - PUBLICATION, DISTRIBUTION, ETC. | |
| Name of publisher, distributor, etc. | Επίκεντρο, |
| Date of publication, distribution, etc. | 2012 |
| 300 ## - PHYSICAL DESCRIPTION | |
| Extent | 288 |
| 520 ## - SUMMARY, ETC. | |
| Summary, etc. | Το παρόν βιβλίο παρουσιάζει αναλυτικές και επιστημονικές και θεωρητικές απόψεις για σύγχρονα κοινωνικά θέματα, όπως η απώλεια, το πένθος, η ζήλια, το διαζύγιο, οι φόβοι των παιδιών, ο θυμός, η επιθετικότητα και η βία, ο σχολικός εκφοβισμός, προτείνοντας ως μέσο διαχείρισης αυτών των θεμάτων το παιδικό λογοτεχνικό βιβλίο. Ζητήματα Θεωρίας, Η Θέση της Λογοτεχνίας στο Αναλυτικό Πρόγραμμα Σπουδών, Νέο Πρόγραμμα Σπουδών και Φιλαναγνωσία, Η Συμβολή της Παιδικής Λογοτεχνίας στην Πνευματική και Συναισθηματική και Κοινωνική Ανάπτυξη του Παιδιού, Βιβλιοθεραπεία: Η Θεραπευτική Διάσταση της Ανάγνωσης, Οι Βασικοί Στόχοι των Προτεινόμενων Δραστηριοτήτων, Η Ευαίσθητη Θεματική του Παιδικού Βιβλίου: Σύγχρονα Κοινωνικά Ζητήματα, Κριτήρια Επιλογής και Αξιολόγησης Παιδικών Λογοτεχνικών Βιβλίων με Θέμα τα Σύγχρονα Κοινωνικά Ζητήματα, Ο Ρόλος του Εκπαιδευτικού στην Αξιολόγηση και Διδακτική Αξιοποίηση των Βιβλίων με Ευαίσθητη Θεματική, Απωλεια και Πένθος, Παιδί και η Έννοια του Θανάτου, Οι Αντιλήψεις των Παιδιών για το Θάνατο, Διαζύγιο, Οι Αντιδράσεις των Παιδιών στο Διαζύγιο, Οι Φόβοι των Παιδιών, Πηγές των Παιδικών Φόβων, Ο Φόβος των Παιδιών για τον Νέο/ τη Νέα Αδερφό/η, Η Αδελφική Αντιζηλία, Ο Θυμός, Κατανόηση και Διαχείριση του Θυμού, Επιθετικότητα και Σχολικός Εκφοβισμός (Bullying), Τι Είναι η Επιθετικότητα, Τι Είναι ο Σχολικός Εκφοβισμός, Ενδεικτικές Διδακτικές Εφαρμογές με Λογοτεχνικά Βιβλία για τη Φιλαναγνωσία και την Κοινωνιοσυναισθηματική Ανάπτυξη του Παιδιού, Τίτλοι Βιβλίων για Εφαρμογές και Δραστηριότητες, Ευρετήριο Όρων. |
| 700 1# - ΠΡΟΣΘΕΤΗ ΑΝΑΓΡΑΦΗ--ΦΥΣΙΚΟ ΠΡΟΣΩΠΟ | |
| Personal name | Πατέρα Αναστασία |
| 9 (RLIN) | 9657 |
| 700 1# - ΠΡΟΣΘΕΤΗ ΑΝΑΓΡΑΦΗ--ΦΥΣΙΚΟ ΠΡΟΣΩΠΟ | |
| Personal name | Τσιλιμένη Τασούλα |
| 9 (RLIN) | 9658 |
| 942 ## - ADDED ENTRY ELEMENTS (KOHA) | |
| Koha item type | Books |
| Τύπος τεκμηρίου | Βιβλιοθήκη | Τρέχουσα τοποθεσία | Barcode | Αριθμός εισαγωγής | Ημερομηνία απόκτησης | Ταξιθετικό σύμβολο | Αριθμός αντιτύπου | Κατάσταση απόσυρσης | Κατάσταση χαμένου | Κατάσταση κατεστραμμένου | Μη δανεισμός | Σύνολο δανεισμών | Ημερομηνία τελευταίας εμφάνισης | Η τιμή ισχύει από |
|---|---|---|---|---|---|---|---|---|---|---|---|---|---|---|
| Books | MC Athens Campus Library | MC Athens Campus Library | 9780000097385 | 7437 | 05/06/2025 | 418.4 PAT | 1 | 05/06/2025 | 05/06/2025 |